00573nam a2200193Ia 4500001001000000003000500010008004100015010001100056040000900067100002600076245008400102260006800186300000900254440002700263650002100290650002900311700002100340700001800361Para_6694CHAP220125s1979 xx 000 0 und d a204215 cCHAP aThibodeaux, Sidney D. aFoot rot in citrus /c by Sidney D. Thibodeaux, Alvin J. Adams and Robert Braud aLouisiana :b State University. Agricultural Experiment Station a4 p. aMimeograph series; 003 a1, Phytophthora  aCitricos x enfermedades aAdams, Alvin J.  aBraud, Robert